Statistics for U.S. States or European Countries by Area

Click here to take the quiz!

General Stats

  • This quiz has been taken 23,888 times
  • The average score is 19 of 21

Answer Stats

km2Country or State% Correct
676,587Texas
99%
3,790,000Russia
98%
551,695France
98%
241,930United Kingdom
98%
498,980Spain
97%
403,466California
97%
348,672Germany
97%
1,477,953Alaska
94%
294,140Italy
93%
553,544Ukraine
91%
410,335Sweden
91%
311,888Poland
90%
304,282Norway
89%
303,815Finland
88%
376,962Montana
82%
294,207Arizona
79%
284,332Nevada
79%
314,161New Mexico
79%
268,431Colorado
76%
251,470Wyoming
71%
248,608Oregon
68%

Score Distribution

Percentile by Number Answered

Percent of People with Each Score

Your Score History

You have not taken this quiz